[Event "II Festival Mare d'Inverno A"]
[Site "Gabicce Mare "]
[Date "2013.01.04"]
[Round "5"]
[White "Caprio, Guido"]
[Black "Rambaldi, Francesco"]
[Result "1-0"]
[WhiteElo "2409"]
[BlackElo "2310"]
[PlyCount "68"]
[EventDate "2013.01.03"]
[EventType "swiss"]
[EventCountry "ITA"]
[SourceDate "2005.09.12"]

1. Nf3 Nf6 2. c4 c5 3. Nc3 Nc6 4. g3 g6 5. Bg2 Bg7 6. d4 cxd4 7. Nxd4 O-O 8.
O-O Ng4 9. e3 d6 10. h3 Nge5 11. b3 Bd7 12. Bb2 Qa5 13. Kh2 Rac8 14. Rb1 Nxd4
15. exd4 Nc6 16. Ne4 b5 17. d5 Nb4 18. a3 Bxb2 19. axb4 Qa3 20. c5 dxc5 21.
bxc5 Bf5 22. b4 Bg7 23. Rb3 Qa4 24. d6 Rcd8 25. Re1 Bxe4 26. Bxe4 exd6 27. c6
Qa6 28. Bd5 Qb6 29. Qc2 Rde8 30. Rxe8 Rxe8 31. Rf3 Kh8 32. c7 Qa6 33. Qc6 Qc8
34. Qxe8+ Qxe8 1-0

[Event "II Festival Mare d'Inverno A"]
[Site "Gabicce Mare "]
[Date "2013.01.04"]
[Round "5"]
[White "Ruck, Robert"]
[Black "Altini, Nicola"]
[Result "1-0"]
[WhiteElo "2571"]
[BlackElo "2343"]
[PlyCount "209"]
[EventDate "2013.01.03"]
[EventType "swiss"]
[EventCountry "ITA"]
[SourceDate "2005.09.12"]

1. Nf3 d5 2. d4 Nf6 3. c4 c6 4. Nc3 dxc4 5. a4 Bf5 6. Ne5 Nbd7 7. Nxc4 Nb6 8.
Ne5 a5 9. e3 g6 10. Bd3 Bxd3 11. Nxd3 Bg7 12. Qb3 O-O 13. O-O Nfd7 14. Ne2 e5
15. Nxe5 Nxe5 16. dxe5 Bxe5 17. e4 Qc7 18. Be3 Nd7 19. f4 Bg7 20. e5 Kh8 21.
Rad1 Rae8 22. Rd2 Re7 23. Rfd1 Rfe8 24. Bf2 f6 25. e6 Nf8 26. Bb6 Qc8 27. f5
gxf5 28. Nd4 c5 29. Nxf5 Qxe6 30. Qxe6 Rxe6 31. Bxa5 Ra8 32. Bc7 Ng6 33. Rd8+
Re8 34. Rxe8+ Rxe8 35. Rd7 Bf8 36. Bd8 Re4 37. g3 Rxa4 38. Bxf6+ Kg8 39. Rxb7
Ra1+ 40. Kg2 Rc1 41. Bc3 Rc2+ 42. Kh3 Re2 43. Rc7 Re4 44. Bg7 Bxg7 45. Rxg7+
Kh8 46. Rc7 Kg8 47. Rxc5 Rb4 48. Rc8+ Kf7 49. Rc7+ Kg8 50. Rc2 Ne5 51. Ne3 Rb3
52. Nd1 Kg7 53. Rc5 Kf6 54. Rc3 Rb8 55. b3 Kf5 56. Nf2 Rb7 57. Nd3 Nf3 58. b4
Ng5+ 59. Kg2 Re7 60. Rc5+ Kf6 61. Rc2 Re3 62. Nc5 Nf7 63. Rf2+ Kg6 64. Nd7 Rb3
65. Nf8+ Kg7 66. Nxh7 Rxb4 67. Nf6 Ne5 68. Nh5+ Kh6 69. Nf4 Ra4 70. Re2 Ra5 71.
h4 Rb5 72. Kh3 Ra5 73. Rd2 Ra1 74. Rd6+ Kh7 75. Re6 Ra5 76. Re7+ Kh6 77. Re6+
Kh7 78. Rb6 Ra1 79. Rb5 Nc4 80. Rb3 Nd2 81. Re3 Nc4 82. Re7+ Kh6 83. Re4 Nd2
84. Re2 Nf3 85. Kg4 Nd4 86. Re4 Rd1 87. Ne2 Nxe2 88. Rxe2 Rd4+ 89. Kf3 Ra4 90.
Re6+ Kh5 91. Re5+ Kh6 92. Rb5 Kg6 93. Kg2 Kh6 94. Kh3 Kg6 95. Rb6+ Kh7 96. h5
Kg7 97. g4 Kh7 98. Kh4 Ra1 99. Rb7+ Kg8 100. h6 Ra5 101. g5 Ra1 102. Kh5 Ra8
103. Rb5 Kh8 104. g6 Kg8 105. h7+ 1-0

[Event "Gent U20"]
[Site "Gent"]
[Date "2000.07.15"]
[Round "1"]
[White "Friedrichs, Klaus"]
[Black "Brunner, Nicolas"]
[Result "1-0"]
[WhiteElo "2248"]
[BlackElo "2108"]
[PlyCount "51"]
[EventDate "2000.07.15"]
[EventType "tourn"]
[EventRounds "9"]
[EventCountry "BEL"]
[SourceDate "2005.09.12"]

1. d4 Nf6 2. Nf3 g6 3. c4 c5 4. Nc3 cxd4 5. Nxd4 Nc6 6. e4 d6 7. Be2 Nxd4 8.
Qxd4 Bg7 9. Be3 O-O 10. Qd2 Be6 11. O-O Qa5 12. Rab1 Rfc8 13. Rfc1 Kf8 14. b3
a6 15. f3 Nd7 16. Kh1 b5 17. b4 Qc7 18. Nd5 Bxd5 19. cxb5 Qd8 20. Qxd5 axb5 21.
Bxb5 Ra3 22. Rxc8 Qxc8 23. Rc1 Rc3 24. Rxc3 Bxc3 25. Bxd7 Qxd7 26. Bh6+ 1-0

[Event "Gent U20"]
[Site "Gent"]
[Date "2000.07.15"]
[Round "1"]
[White "Clark, Stephen P"]
[Black "Gregoir, Christophe"]
[Result "1/2-1/2"]
[WhiteElo "2133"]
[BlackElo "2114"]
[PlyCount "120"]
[EventDate "2000.07.15"]
[EventType "tourn"]
[EventRounds "9"]
[EventCountry "BEL"]
[SourceDate "2005.09.12"]

1. d4 Nf6 2. Nf3 g6 3. Bf4 Bg7 4. h3 O-O 5. e3 d6 6. Be2 Nbd7 7. O-O c5 8. c3
b6 9. Nbd2 Bb7 10. a4 Re8 11. Nc4 Rc8 12. Rc1 Ne4 13. Bh2 Ndf6 14. Qb3 Qd7 15.
Ncd2 Nxd2 16. Nxd2 Bc6 17. Ra1 Qb7 18. Bf3 Bxf3 19. Nxf3 c4 20. Qc2 Qe4 21. Qe2
Qc6 22. Nd2 Bh6 23. f4 Ne4 24. g4 e6 25. Nxe4 Qxe4 26. Qf3 Qxf3 27. Rxf3 f5 28.
g5 Bg7 29. Rd1 a6 30. Rf2 Rc7 31. Kg2 Kf7 32. Kf3 d5 33. Bg3 Bf8 34. h4 Rb8 35.
Rh2 b5 36. axb5 Rxb5 37. Rdd2 Ra5 38. Rh1 Rb7 39. Re2 Ra2 40. Rhh2 Rb5 41. Be1
Ra1 42. h5 Rb1 43. hxg6+ hxg6 44. Rhg2 Ra5 45. Rh2 Raa1 46. Kf2 a5 47. Rg2 a4
48. Rh2 a3 49. bxa3 Rxa3 50. Rc2 Rab3 51. Ke2 R3b2 52. Kf1 Rxc2 53. Rxc2 Ba3
54. Ke2 Ke7 55. Kd2 Kd7 56. Ke2 Kc6 57. Ra2 Rb2+ 58. Rxb2 Bxb2 59. Kd2 Kb5 60.
Kc2 Ba3 1/2-1/2

[Event "Gent U20"]
[Site "Gent"]
[Date "2000.07.15"]
[Round "1"]
[White "Verduyn, Philippe"]
[Black "Wirig, Anthony"]
[Result "1/2-1/2"]
[WhiteElo "2083"]
[BlackElo "2221"]
[PlyCount "61"]
[EventDate "2000.07.15"]
[EventType "tourn"]
[EventRounds "9"]
[EventCountry "BEL"]
[SourceDate "2005.09.12"]

1. e4 c5 2. Nc3 Nc6 3. g3 g6 4. Bg2 Bg7 5. d3 e6 6. Be3 d6 7. Qd2 Rb8 8. Nge2
Nd4 9. O-O Ne7 10. Rab1 O-O 11. a3 b6 12. b4 Bb7 13. Nd1 Qd7 14. c3 Nxe2+ 15.
Qxe2 Rbc8 16. Qd2 f5 17. Bh6 Bxh6 18. Qxh6 c4 19. Qd2 cxd3 20. Qxd3 fxe4 21.
Bxe4 Bxe4 22. Qxe4 d5 23. Qe2 Nf5 24. Re1 Rfe8 25. Rc1 e5 26. Ne3 Nxe3 27. Qxe3
Rc4 28. Qg5 Qe7 29. Qxe7 Rxe7 30. Rcd1 Rxc3 31. Rxd5 1/2-1/2

[Event "Gent U20"]
[Site "Gent"]
[Date "2000.07.15"]
[Round "1"]
[White "Richards, Heather"]
[Black "Erwich, Marc JL"]
[Result "0-1"]
[WhiteElo "2117"]
[BlackElo "2180"]
[PlyCount "91"]
[EventDate "2000.07.15"]
[EventType "tourn"]
[EventRounds "9"]
[EventCountry "BEL"]
[SourceDate "2005.09.12"]

1. e4 e5 2. Nc3 Nf6 3. Bc4 Bc5 4. d3 a6 5. f4 d6 6. Nf3 Nc6 7. f5 Na5 8. Bg5 c6
9. a3 Nxc4 10. dxc4 h6 11. Bh4 Qe7 12. Rf1 b5 13. b4 Bb6 14. Qd3 bxc4 15. Qxc4
Bb7 16. Rd1 Rd8 17. Qe2 O-O 18. h3 d5 19. Nh2 Bd4 20. Nb1 Qd6 21. c3 Ba7 22. c4
Nxe4 23. c5 Qd7 24. Bxd8 Qxd8 25. Rf3 Qh4+ 26. g3 Qxh3 27. Nf1 Bb8 28. Nbd2 Ng5
29. Rf2 e4 30. Rb1 f6 31. Rb3 Bc8 32. g4 Qh4 33. Kd1 Nh3 34. Rg2 Nf4 35. Qf2
Nxg2 36. Qxg2 Qg5 37. Rh3 Bxf5 38. Ne3 Bg6 39. Qf1 d4 40. Nf5 Qxg4+ 41. Kc1
Bxf5 42. Rh1 e3 43. Nf3 Qe4 44. Qc4+ Kh8 45. Kb2 Qxf3 46. Rc1 0-1

[Event "Gent U20"]
[Site "Gent"]
[Date "2000.07.15"]
[Round "1"]
[White "Leenhouts, Koen"]
[Black "Michiels, Bart"]
[Result "1/2-1/2"]
[WhiteElo "2254"]
[BlackElo "2145"]
[PlyCount "99"]
[EventDate "2000.07.15"]
[EventType "tourn"]
[EventRounds "9"]
[EventCountry "BEL"]
[SourceDate "2005.09.12"]

1. e4 c5 2. Nf3 Nc6 3. g3 g6 4. Bg2 Bg7 5. c3 e5 6. d3 d6 7. O-O Nge7 8. Nbd2
O-O 9. a3 h6 10. b4 Be6 11. Rb1 b6 12. b5 Na5 13. c4 Qc7 14. Ne1 a6 15. a4 axb5
16. axb5 Nb7 17. Bb2 Ra7 18. Nc2 Nd8 19. Ne3 Bc8 20. f4 f5 21. Qb3 Ne6 22. Nd5
Nxd5 23. cxd5 Nd4 24. Bxd4 cxd4 25. Rfc1 Qb8 26. fxe5 Bxe5 27. Nf3 Bd7 28. Nxe5
dxe5 29. d6+ Kg7 30. Qd5 Rf6 31. Qxe5 Qxd6 32. Qxd6 Rxd6 33. e5 Re6 34. Re1 Ra5
35. Bd5 Re7 36. Bc4 Be8 37. e6 Kf6 38. Ra1 Rb7 39. Bd5 Rb8 40. Rxa5 bxa5 41.
Bc4 Rb7 42. Kf2 Ke7 43. Re5 a4 44. Rd5 a3 45. Rxd4 Bxb5 46. Bxb5 Rxb5 47. Ra4
Rb2+ 48. Kf3 a2 49. Ra6 Rxh2 50. d4 1/2-1/2

[Event "Gent U20"]
[Site "Gent"]
[Date "2000.07.15"]
[Round "2"]
[White "Brunner, Nicolas"]
[Black "Michiels, Bart"]
[Result "1/2-1/2"]
[WhiteElo "2108"]
[BlackElo "2145"]
[PlyCount "106"]
[EventDate "2000.07.15"]
[EventType "tourn"]
[EventRounds "9"]
[EventCountry "BEL"]
[SourceDate "2005.09.12"]

1. d4 c5 2. d5 e6 3. c4 exd5 4. cxd5 d6 5. Nc3 Ne7 6. e4 Ng6 7. h3 Be7 8. Nf3
Bf6 9. Bd3 O-O 10. O-O Re8 11. Nd2 a6 12. a4 Nd7 13. Nc4 Qc7 14. f4 Bd4+ 15.
Kh1 Nf6 16. Qc2 Bd7 17. a5 Bb5 18. Nxb5 axb5 19. Nb6 Rad8 20. Bxb5 Rxe4 21. Bd2
Nh5 22. Kh2 Re7 23. g3 Nf6 24. Bc3 Bxc3 25. bxc3 Re4 26. Rfe1 Rxe1 27. Rxe1 Ne7
28. c4 Nc8 29. Nxc8 Rxc8 30. Qc3 Ra8 31. g4 h6 32. Ra1 Qe7 33. Re1 Qc7 34. Ra1
Nh7 35. Qe1 Nf8 36. a6 bxa6 37. Rxa6 Rxa6 38. Bxa6 Qa7 39. Bb5 Qa2+ 40. Kh1 Qa3
41. Kh2 Qb2+ 42. Kg3 Qb3+ 43. Kg2 Qc2+ 44. Qf2 Qe4+ 45. Qf3 Qd4 46. Qf2 Qf6 47.
f5 Qe5 48. Qh4 Qe2+ 49. Qf2 Qxf2+ 50. Kxf2 Nh7 51. h4 Nf6 52. Kf3 Kf8 53. Kf4
Ke7 1/2-1/2

[Event "Gent U20"]
[Site "Gent"]
[Date "2000.07.15"]
[Round "2"]
[White "Erwich, Marc"]
[Black "Leenhouts, Koen"]
[Result "1-0"]
[WhiteElo "2180"]
[BlackElo "2254"]
[PlyCount "67"]
[EventDate "2000.07.15"]
[EventType "tourn"]
[EventRounds "9"]
[EventCountry "BEL"]
[SourceDate "2005.09.12"]

1. e4 e6 2. d4 d5 3. e5 c5 4. c3 Nc6 5. Nf3 Bd7 6. Be2 f6 7. O-O fxe5 8. Nxe5
Nxe5 9. dxe5 Qc7 10. f4 O-O-O 11. c4 Ne7 12. Nc3 Bc6 13. Bg4 Qd7 14. cxd5 Nxd5
15. f5 Qe7 16. Ne4 Ne3 17. Nd6+ Qxd6 18. exd6 Nxd1 19. fxe6 Bxd6 20. e7+ Rd7
21. Rxd1 Bxe7 22. Bxd7+ Bxd7 23. Bd2 h5 24. Bc3 Rh7 25. Rd5 h4 26. Re1 Bc6 27.
Rde5 Bd8 28. Rf1 Bb6 29. h3 c4+ 30. Kh1 g6 31. Re6 g5 32. Rg6 Be3 33. Rd1 Bf4
34. Bf6 1-0

[Event "Gent U20"]
[Site "Gent"]
[Date "2000.07.15"]
[Round "2"]
[White "Wirig, Anthony"]
[Black "Richards, Heather"]
[Result "1/2-1/2"]
[WhiteElo "2221"]
[BlackElo "2117"]
[PlyCount "81"]
[EventDate "2000.07.15"]
[EventType "tourn"]
[EventRounds "9"]
[EventCountry "BEL"]
[SourceDate "2005.09.12"]

1. d4 e6 2. Nf3 Nf6 3. e3 b6 4. Bd3 Bb7 5. Nbd2 c5 6. c3 Be7 7. O-O cxd4 8.
cxd4 O-O 9. Qe2 d6 10. e4 Re8 11. Re1 Nbd7 12. Nf1 e5 13. d5 Nc5 14. b4 Nxd3
15. Qxd3 Rf8 16. a4 a6 17. Ne3 Qd7 18. Nc4 Bd8 19. Be3 b5 20. Nb6 Bxb6 21. Bxb6
bxa4 22. Ba5 Rac8 23. Nh4 g6 24. Qf3 Kg7 25. Qe3 Qg4 26. Nf3 Nh5 27. h3 Qf4 28.
Qb6 Rc3 29. Re3 Rxe3 30. fxe3 Qxe4 31. Qxb7 Qxe3+ 32. Kh1 e4 33. Bb6 Ng3+ 34.
Kh2 Qf4 35. Nd4 Ne2+ 36. Kh1 Ng3+ 37. Kg1 Kg8 38. Qd7 e3 39. Nf3 Ne2+ 40. Kh1
Ng3+ 41. Kg1 1/2-1/2

[Event "Gent U20"]
[Site "Gent"]
[Date "2000.07.15"]
[Round "2"]
[White "Gregoir, Christophe"]
[Black "Verduyn, Philippe"]
[Result "1/2-1/2"]
[WhiteElo "2114"]
[BlackElo "2083"]
[PlyCount "64"]
[EventDate "2000.07.15"]
[EventType "tourn"]
[EventRounds "9"]
[EventCountry "BEL"]
[SourceDate "2005.09.12"]

1. d4 Nf6 2. c4 g6 3. Nc3 Bg7 4. e4 d6 5. Be2 O-O 6. Nf3 e5 7. dxe5 dxe5 8.
Qxd8 Rxd8 9. Bg5 c6 10. Nxe5 Re8 11. O-O-O Na6 12. f4 h6 13. Bh4 Nc5 14. Bf3 g5
15. Bf2 Ne6 16. fxg5 Nxg5 17. Bg3 Be6 18. c5 Nxf3 19. gxf3 Nh5 20. Nd3 Bxc3 21.
bxc3 Bxa2 22. Be5 f6 23. Bd4 Bc4 24. Rhg1+ Kf7 25. Rg4 Bxd3 26. Rxd3 Ng7 27.
Rf4 Re6 28. Bf2 Rae8 29. Bh4 Nh5 30. Rf5 Ng7 31. Rf4 Nh5 32. Rf5 Ng7 1/2-1/2

[Event "Gent U20"]
[Site "Gent"]
[Date "2000.07.15"]
[Round "2"]
[White "Friedrichs, Klaus"]
[Black "Clark, Stephen P"]
[Result "1-0"]
[WhiteElo "2248"]
[BlackElo "2133"]
[PlyCount "75"]
[EventDate "2000.07.15"]
[EventType "tourn"]
[EventRounds "9"]
[EventCountry "BEL"]
[SourceDate "2005.09.12"]

1. d4 d5 2. c4 c6 3. cxd5 cxd5 4. Bf4 Nf6 5. Nc3 a6 6. e3 Nc6 7. Bd3 e6 8. Rc1
Bd6 9. Bxd6 Qxd6 10. f4 h5 11. Nf3 Ng4 12. Qe2 f5 13. h3 Nf6 14. Ne5 h4 15. Qf2
Rh6 16. g4 hxg3 17. Qxg3 Nh5 18. Qg5 Qe7 19. Rg1 Nxe5 20. fxe5 Bd7 21. Be2 Qf7
22. Bxh5 Rxh5 23. Qxg7 Rxh3 24. Qg8+ Qf8 25. Ne2 Rc8 26. Rxc8+ Bxc8 27. Nf4 Rh8
28. Qxf8+ Rxf8 29. Kd2 Bd7 30. Rg6 Kf7 31. Rf6+ Ke8 32. Rh6 Ke7 33. Rh7+ Ke8
34. Nh5 Kd8 35. Nf6 Bc6 36. Kc3 a5 37. b4 axb4+ 38. Kxb4 1-0

[Event "Gent U20"]
[Site "Gent"]
[Date "2000.07.16"]
[Round "3"]
[White "Clark, Stephen P"]
[Black "Brunner, Nicolas"]
[Result "0-1"]
[WhiteElo "2133"]
[BlackElo "2108"]
[PlyCount "112"]
[EventDate "2000.07.15"]
[EventType "tourn"]
[EventRounds "9"]
[EventCountry "BEL"]
[SourceDate "2005.09.12"]

1. d4 Nf6 2. Nf3 g6 3. Bf4 Bg7 4. h3 O-O 5. e3 d6 6. Be2 Nbd7 7. O-O b6 8. Nbd2
Bb7 9. c3 Ne4 10. Nc4 Qe8 11. Bh2 e5 12. dxe5 dxe5 13. Qc2 Qe7 14. Rfd1 Rad8
15. Nfd2 Ndc5 16. Bf3 Nxd2 17. Nxd2 Ba6 18. c4 Bc8 19. Nb3 Bf5 20. e4 Be6 21.
Kh1 Nxb3 22. Qxb3 Qc5 23. Bg1 Bxc4 24. Qc3 Be6 25. Qxc5 bxc5 26. Be2 Rxd1 27.
Rxd1 Bxa2 28. f3 Rb8 29. Bxc5 Bf8 30. Bxa7 Rxb2 31. Bf1 Rb1 32. Rxb1 Bxb1 33.
Bc4 Bc2 34. Kg1 Bb4 35. Kf2 Ba5 36. Ke3 Bb6+ 37. Bxb6 cxb6 38. Kd2 Ba4 39. Kc3
Kf8 40. Kb4 Bc6 41. Bb5 Bb7 42. Bc4 f5 43. exf5 gxf5 44. Kb5 e4 45. fxe4 Bxe4
46. Bf1 Ke7 47. Kxb6 Kd6 48. Kb5 Kd5 49. Kb4 Kd4 50. g4 f4 51. Bb5 f3 52. g5 f2
53. Bf1 Bd3 54. Bg2 f1=Q 55. Bxf1 Bxf1 56. h4 Be2 0-1

[Event "Gent U20"]
[Site "Gent"]
[Date "2000.07.16"]
[Round "3"]
[White "Verduyn, Philippe"]
[Black "Friedrichs, Klaus"]
[Result "0-1"]
[WhiteElo "2083"]
[BlackElo "2248"]
[PlyCount "92"]
[EventDate "2000.07.15"]
[EventType "tourn"]
[EventRounds "9"]
[EventCountry "BEL"]
[SourceDate "2005.09.12"]

1. e4 d5 2. exd5 Qxd5 3. Nc3 Qa5 4. d4 c6 5. Bd3 Nf6 6. h3 Bf5 7. Nf3 Bxd3 8.
Qxd3 e6 9. O-O Nbd7 10. Bf4 Be7 11. a3 O-O 12. b4 Qd8 13. Na4 Nd5 14. Bh2 b5
15. Nb2 a5 16. bxa5 Rxa5 17. c4 N5b6 18. Nd2 Qa8 19. cxb5 cxb5 20. Nb3 Rxa3 21.
Qxb5 Qd5 22. Qxd5 Nxd5 23. Rxa3 Bxa3 24. Nc4 Bb4 25. Ne5 N7f6 26. Ra1 Ne4 27.
Ra7 Bd6 28. f3 Bxe5 29. fxe4 Bxh2+ 30. Kxh2 Nc3 31. Nc5 Rc8 32. g4 h6 33. Kg2
Nb5 34. Ra4 Nxd4 35. Rxd4 Rxc5 36. Rd8+ Kh7 37. h4 g6 38. Rd7 Kg7 39. Kf3 Rc3+
40. Kg2 Re3 41. Rd4 Kf6 42. Ra4 Ke5 43. Ra7 Rxe4 44. Rxf7 Rxg4+ 45. Kh3 h5 46.
Rf8 Ke4 0-1

[Event "Gent U20"]
[Site "Gent"]
[Date "2000.07.16"]
[Round "3"]
[White "Richards, Heather"]
[Black "Gregoir, Christophe"]
[Result "1/2-1/2"]
[WhiteElo "2117"]
[BlackElo "2114"]
[PlyCount "61"]
[EventDate "2000.07.15"]
[EventType "tourn"]
[EventRounds "9"]
[EventCountry "BEL"]
[SourceDate "2005.09.12"]

1. e4 c5 2. c3 d5 3. exd5 Qxd5 4. d4 Nc6 5. Nf3 cxd4 6. cxd4 e5 7. Nc3 Bb4 8.
Bd2 Bxc3 9. Bxc3 exd4 10. Nxd4 Nf6 11. Qe2+ Be6 12. Nxe6 Qxe6 13. Qxe6+ fxe6
14. Bc4 Nd5 15. O-O Kf7 16. Rfe1 Rhe8 17. Rad1 Nce7 18. Be5 Rac8 19. Bb3 Red8
20. h3 a6 21. a3 Rd7 22. Rd4 Nf5 23. Rde4 Rc6 24. Ba4 b5 25. Bb3 g6 26. Bh2 Ng7
27. Be5 Nf5 28. Bh2 Ng7 29. Be5 Nf5 30. Bb8 Rd8 31. Be5 1/2-1/2

[Event "Gent U20"]
[Site "Gent"]
[Date "2000.07.16"]
[Round "3"]
[White "Leenhouts, Koen"]
[Black "Wirig, Anthony"]
[Result "1-0"]
[WhiteElo "2254"]
[BlackElo "2221"]
[PlyCount "96"]
[EventDate "2000.07.15"]
[EventType "tourn"]
[EventRounds "9"]
[EventCountry "BEL"]
[SourceDate "2005.09.12"]

1. Nf3 c5 2. g3 g6 3. Bg2 Bg7 4. O-O Nc6 5. c3 Nf6 6. d3 d5 7. Nbd2 O-O 8. e4
dxe4 9. dxe4 Ng4 10. Nc4 Be6 11. Ne3 Nxe3 12. Bxe3 b6 13. Qe2 Bg4 14. h3 Bxf3
15. Bxf3 Ne5 16. Rad1 Nxf3+ 17. Qxf3 Qc8 18. Kg2 Qa6 19. a3 Qb5 20. Rd2 Rad8
21. Rfd1 Rxd2 22. Rxd2 Qc6 23. Bf4 Rc8 24. e5 h6 25. h4 a6 26. g4 b5 27. Rd8+
Kh7 28. Qxc6 Rxc6 29. Rd7 Re6 30. Rd5 c4 31. g5 hxg5 32. hxg5 Kg8 33. Bg3 f6
34. f4 Kf7 35. Kf3 fxe5 36. fxe5 Rc6 37. Rd8 Ke6 38. Ke4 Rb6 39. Bf2 Rc6 40.
Bd4 a5 41. Rg8 Kf7 42. Rb8 b4 43. axb4 axb4 44. cxb4 Ra6 45. b5 Ra4 46. Kd5 e6+
47. Kc6 Bf8 48. b6 Rb4 1-0

[Event "Gent U20"]
[Site "Gent"]
[Date "2000.07.16"]
[Round "3"]
[White "Michiels, Bart"]
[Black "Erwich, Marc"]
[Result "0-1"]
[WhiteElo "2145"]
[BlackElo "2180"]
[PlyCount "98"]
[EventDate "2000.07.15"]
[EventType "tourn"]
[EventRounds "9"]
[EventCountry "BEL"]
[SourceDate "2005.09.12"]

1. e4 e5 2. Nf3 Nc6 3. Nc3 Nf6 4. Bb5 Bb4 5. O-O O-O 6. d3 d6 7. Ne2 Ne7 8. c3
Ba5 9. Ng3 Ng6 10. d4 h6 11. Be3 c6 12. Ba4 Bb6 13. Re1 Qc7 14. Qe2 Bd7 15.
Rad1 Rad8 16. h3 Bc8 17. Bb3 Rfe8 18. Qc2 c5 19. Ba4 Rf8 20. Re2 a6 21. dxe5
dxe5 22. Red2 Be6 23. Qc1 c4 24. Rxd8 Rxd8 25. Bc2 Rxd1+ 26. Bxd1 Bxe3 27. Qxe3
b5 28. Bc2 Nd7 29. Nf5 Nf4 30. g3 Bxf5 31. exf5 Nxh3+ 32. Kg2 Ng5 33. Nxg5 hxg5
34. Qxg5 Nf6 35. Qd2 Qc5 36. a4 Qc6+ 37. Kg1 bxa4 38. Qd8+ Kh7 39. Qa5 Qb5 40.
Qb4 Qxb4 41. cxb4 Nd5 42. Bxa4 Nxb4 43. Bd7 Nd3 44. Bc8 Nxb2 45. Kf1 c3 46. Ke2
a5 47. Bb7 a4 48. Bd5 c2 49. Kd2 Nd3 0-1

[Event "Gent U20"]
[Site "Gent"]
[Date "2000.07.16"]
[Round "4"]
[White "Brunner, Nicolas"]
[Black "Erwich, Marc"]
[Result "1-0"]
[WhiteElo "2108"]
[BlackElo "2180"]
[PlyCount "87"]
[EventDate "2000.07.15"]
[EventType "tourn"]
[EventRounds "9"]
[EventCountry "BEL"]
[SourceDate "2005.09.12"]

1. d4 Nf6 2. c4 c5 3. d5 b5 4. cxb5 a6 5. f3 e6 6. e4 exd5 7. e5 Qe7 8. Qe2 Ng8
9. Nc3 Bb7 10. Nh3 f6 11. Nf4 Qxe5 12. Qxe5+ fxe5 13. Nfxd5 Kd8 14. Nb6 Ra7 15.
Nc4 d6 16. Bg5+ Nf6 17. O-O-O Nbd7 18. Nxd6 Bxd6 19. Rxd6 Ke7 20. Rd2 h6 21.
Bh4 g5 22. Bf2 Rc8 23. bxa6 Bxa6 24. Bxa6 Rxa6 25. Re1 Ke6 26. Bg3 c4 27. Kb1
Rc5 28. Ne4 Nxe4 29. Rxe4 Rd5 30. Rxd5 Kxd5 31. b3 cxb3 32. axb3 h5 33. h3 Re6
34. Bf2 Re8 35. Ra4 Nf8 36. Ra5+ Ke6 37. Be3 Kf6 38. Ra6+ Ne6 39. Kb2 h4 40. b4
Kf5 41. Ra7 Rb8 42. Kc3 Rc8+ 43. Kb3 Nc7 44. Ra5 1-0

[Event "Gent U20"]
[Site "Gent"]
[Date "2000.07.16"]
[Round "4"]
[White "Gregoir, Christophe"]
[Black "Leenhouts, Koen"]
[Result "1/2-1/2"]
[WhiteElo "2114"]
[BlackElo "2254"]
[PlyCount "77"]
[EventDate "2000.07.15"]
[EventType "tourn"]
[EventRounds "9"]
[EventCountry "BEL"]
[SourceDate "2005.09.12"]

1. d4 d5 2. c4 e6 3. Nc3 Be7 4. Nf3 Nf6 5. e3 O-O 6. Bd3 b6 7. cxd5 Nxd5 8. e4
Nb4 9. Bb1 c5 10. a3 cxd4 11. axb4 dxc3 12. Qxd8 Rxd8 13. bxc3 Ba6 14. Be3 Rc8
15. Bd4 Bb5 16. e5 Nc6 17. Be4 a5 18. bxa5 bxa5 19. Kd2 a4 20. Rhb1 Rab8 21.
Rxb5 Rxb5 22. Bxc6 Rxc6 23. Rxa4 g5 24. Kd3 Rd5 25. Ra7 Bd8 26. c4 Ra5 27. Rxa5
Bxa5 28. Nxg5 Bd8 29. Ne4 Be7 30. c5 Kf8 31. Kc4 Ke8 32. Nc3 Kd7 33. Na2 Rc8
34. Nb4 Rg8 35. g3 h5 36. h4 Rg4 37. Nd3 Kc6 38. Nb4+ Kd7 39. Nd3 1/2-1/2

[Event "Gent U20"]
[Site "Gent"]
[Date "2000.07.16"]
[Round "4"]
[White "Wirig, Anthony"]
[Black "Michiels, Bart"]
[Result "0-1"]
[WhiteElo "2221"]
[BlackElo "2145"]
[PlyCount "101"]
[EventDate "2000.07.15"]
[EventType "tourn"]
[EventRounds "9"]
[EventCountry "BEL"]
[SourceDate "2005.09.12"]

1. e4 c5 2. Nf3 Nc6 3. d4 cxd4 4. Nxd4 e6 5. Nc3 Qc7 6. g3 a6 7. Bg2 d6 8. O-O
Nf6 9. h3 Be7 10. Be3 O-O 11. a4 Ne5 12. Nde2 Nc4 13. Bc1 Bd7 14. b3 Na5 15.
Bb2 Rac8 16. Qd2 Nc6 17. Ba3 Rfd8 18. Qe3 Be8 19. Rfd1 Nd7 20. Rd2 Nc5 21. Rad1
Ne5 22. f4 Ng6 23. Kh2 b6 24. Bb2 Bf6 25. Nd4 Ne7 26. Ba1 Nc6 27. Nce2 Nxd4 28.
Bxd4 Bxd4 29. Nxd4 b5 30. axb5 axb5 31. Nf3 Bc6 32. e5 Nb7 33. f5 exf5 34. e6
Re8 35. exf7+ Qxf7 36. Qd4 Nc5 37. Ng5 Qb7 38. Rf1 Bxg2 39. Rxg2 h6 40. Nf3 Ne6
41. Qxd6 Rcd8 42. Qb4 Qb8 43. Nh4 Rd4 44. Qc3 Rxh4 45. Rxf5 Ng5 46. Rxg5 hxg5
47. Kg1 Rxh3 48. Qc5 Qe5 49. Qxe5 Rxe5 50. Kf2 Rh6 51. Kf3 0-1

[Event "Gent U20"]
[Site "Gent"]
[Date "2000.07.16"]
[Round "4"]
[White "Friedrichs, Klaus"]
[Black "Richards, Heather"]
[Result "0-1"]
[WhiteElo "2248"]
[BlackElo "2117"]
[PlyCount "110"]
[EventDate "2000.07.15"]
[EventType "tourn"]
[EventRounds "9"]
[EventCountry "BEL"]
[SourceDate "2005.09.12"]

1. d4 e6 2. Nf3 Nf6 3. c4 Bb4+ 4. Bd2 a5 5. Nc3 d6 6. Bg5 Nbd7 7. Qc2 e5 8.
dxe5 Nxe5 9. O-O-O Bxc3 10. Qxc3 Qe7 11. Nxe5 Qxe5 12. Qxe5+ dxe5 13. Bxf6 gxf6
14. g3 Be6 15. Bg2 c6 16. b3 a4 17. Kb2 Ke7 18. Rd2 Ra7 19. Rhd1 Rha8 20. f4
axb3 21. axb3 Ra3 22. Be4 h6 23. f5 Ra2+ 24. Kc3 Rxd2 25. Rxd2 Bd7 26. c5 h5
27. h4 Ra1 28. Rd3 Rc1+ 29. Kb4 Re1 30. Re3 Kd8 31. Bc2 Kc7 32. Kc3 b6 33.
cxb6+ Kxb6 34. Kd2 Rg1 35. Rf3 c5 36. Be4 Bc6 37. Ke3 Rg2 38. Bxc6 Kxc6 39. Kd2
e4 40. Re3 Kd5 41. Rc3 Kd4 42. Rc4+ Kd5 43. Rc3 Rf2 44. g4 hxg4 45. Rg3 Rxf5
46. Rxg4 Rh5 47. Ke3 f5 48. Rg7 Rxh4 49. Rxf7 f4+ 50. Rxf4 Rxf4 51. Kxf4 Kd4
52. Kf5 Kc3 53. Kxe4 Kxb3 54. Kd3 c4+ 55. Kd2 Kb2 0-1

[Event "Gent U20"]
[Site "Gent"]
[Date "2000.07.17"]
[Round "4"]
[White "Clark, Stephen P"]
[Black "Verduyn, Philippe"]
[Result "1-0"]
[WhiteElo "2133"]
[BlackElo "2083"]
[PlyCount "57"]
[EventDate "2000.07.15"]
[EventType "tourn"]
[EventRounds "9"]
[EventCountry "BEL"]
[SourceDate "2005.09.12"]

1. d4 d5 2. Nf3 c6 3. Bf4 e6 4. Nbd2 f5 5. e3 Nf6 6. Bd3 Be7 7. h3 O-O 8. c3
Ne4 9. Qe2 Nd7 10. g4 c5 11. Bh2 c4 12. Bc2 b5 13. a3 a5 14. Rg1 Bb7 15. gxf5
exf5 16. Bxe4 fxe4 17. Ne5 Nf6 18. f4 exf3 19. Ndxf3 Ne4 20. Qg2 Bf6 21. Ke2 b4
22. Nh4 Bxe5 23. Bxe5 Rf2+ 24. Qxf2 Nxf2 25. Rxg7+ Kf8 26. Rxh7 bxc3 27. Rf1
cxb2 28. Rxf2+ Ke8 29. Ng6 1-0

[Event "Gent U20"]
[Site "Gent"]
[Date "2000.07.17"]
[Round "5"]
[White "Verduyn, Philippe"]
[Black "Brunner, Nicolas"]
[Result "1/2-1/2"]
[WhiteElo "2083"]
[BlackElo "2108"]
[PlyCount "101"]
[EventDate "2000.07.15"]
[EventType "tourn"]
[EventRounds "9"]
[EventCountry "BEL"]
[SourceDate "2005.09.12"]

1. e4 c5 2. Nc3 Nc6 3. g3 g6 4. Bg2 Bg7 5. d3 e6 6. Be3 d6 7. Qd2 Rb8 8. Nge2
Nd4 9. O-O Nxe2+ 10. Qxe2 Ne7 11. f4 b6 12. g4 f5 13. gxf5 exf5 14. e5 dxe5 15.
fxe5 O-O 16. Rae1 Be6 17. Bg5 Qd7 18. Bxe7 Qxe7 19. Nd5 Bxd5 20. Bxd5+ Kh8 21.
c4 Rbe8 22. e6 Qg5+ 23. Qg2 Qxg2+ 24. Kxg2 Re7 25. b3 Bf6 26. a3 Bb2 27. a4 Bf6
28. Bc6 Bh4 29. Re2 Rd8 30. Bd5 a5 31. Rf4 Bg5 32. Rf1 Kg7 33. Kg3 Rf8 34. h4
Bf6 35. Rh1 h6 36. Kf4 Bd4 37. Rg2 Kf6 38. Kf3 Rh8 39. Rg3 Ree8 40. Rgh3 Be5
41. Ke2 Kg7 42. Kf3 Bd6 43. Ke2 g5 44. hxg5 hxg5 45. Rxh8 Rxh8 46. Rxh8 Kxh8
47. e7 Bxe7 48. Be6 f4 49. Kf3 Kg7 50. Ke4 Kf6 51. Bg4 1/2-1/2